A Comprehensive History of Assam (Record no. 4810)

MARC details
000 -LEADER
fixed length control field 00519cam a2200193ua 4500
008 - FIXED-LENGTH DATA ELEMENTS--GENERAL INFORMATION
fixed length control field 170816n ii |||gr||||Z||||||eng
040 ## - CATALOGING SOURCE
Transcribing agency MAIN
041 ## - LANGUAGE CODE
-- eng
082 ## - DEWEY DECIMAL CLASSIFICATION NUMBER
Classification number 954.162
100 ## - MAIN ENTRY--PERSONAL NAME
Personal name Baruah,S.L.,
Relator term
245 ## - TITLE STATEMENT
Title A Comprehensive History of Assam
Statement of responsibility, etc. By S.L. Baruah
260 ## - PUBLICATION, DISTRIBUTION, ETC.
Place of publication, distribution, etc. Delhi:
Name of publisher, distributor, etc. Munshiram Manoharlal Publishers Pvt.Ltd.,
Date of publication, distribution, etc. 1985.
300 ## - PHYSICAL DESCRIPTION
Extent xi,456p.
700 ## - ADDED ENTRY--PERSONAL NAME
Personal name Baruah,S.L.,
Relator term
942 ## - ADDED ENTRY ELEMENTS (KOHA)
Koha item type Books
653 ## - INDEX TERM--UNCONTROLLED
Uncontrolled term History
653 ## - INDEX TERM--UNCONTROLLED
Uncontrolled term A Comprehensive History of Assam
Holdings
Withdrawn status Lost status Damaged status Not for loan Home library Current library Shelving location Date acquired Total Checkouts Full call number Barcode Date last seen Date last checked out Copy number Price effective from Koha item type
        Central Library, Naharkatiya College Central Library, Naharkatiya College General Stacks 19/09/2020 13 954.162 | BAR 3704 13/11/2025 24/09/2025 1 19/09/2020 Books

Naharkatiya College © 2020. All rights reserved.

Powered By